Datum a čas kvízu

31.5 Celkem bodů Celkový počet nahraných bodů na tomto kvízu bez doplňovacích otázek.
3. Pořadí na kvízu Konečné umístění týmu na tomto kvízu.

Zaznamenané odpovědi

# Otázka Odpověď Body Výsledky
1. V pondělí odhalil český prezid... C) ze skla 1
2. Který bývalý evropský preziden... Nicolas Sarkozy 1
3. Minulý týden proběhl v Brně me... Straka 0
4. Na jedné technické univerzitě... Ostrava 1
5. Dvěma pilotům formule 1 se min... Carlos Sainz; Charles Leclerc 1
6. Gesto, které vidíme na obrázku... 1D 2A 3C 4B 0
7. Gesto na obrázku znamená v mno... o stoletou válku 0
8. Sheldon Cooper v Teorii velkéh... papír a tapír (ještěr) 1
9. Která dvě písmena české dvouru... B, N 0
10. Na výřezu z obrazu francouzské... paroháč (že je mu žena nevěrná) 0